书目信息 |
| 题名: |
图书情报知识
|
|
| 作者: | 彭斐章 编写 | |
| 分册: | 1982年第1期增刊 | |
| 出版信息: | 武汉 武汉大学图书馆学系 1982 |
|
| 页数: | 158页 | |
| 开本: | 19cm | |
| 丛书名: | ||
| 单 册: | ||
| 中图分类: | G251.6 | |
| 科图分类: | ||
| 主题词: | 图书馆学 , 图书馆事业 | |
| 电子资源: | ||
| ISBN: | ||
| 000 | 00553nam0 2200193 450 | |
| 001 | 0657570094 | |
| 005 | 20060911170602.39 | |
| 100 | @a20060721d1982 km y0chiy0120 ea | |
| 101 | 0 | @achi |
| 102 | @aCN@b420000 | |
| 200 | 1 | @a图书情报知识@h1982年第1期增刊@Atu shu qing bao zhi shi@f彭斐章等编写@Fpeng fei zhang deng bian xie |
| 210 | @a武汉@c武汉大学图书馆学系@d1982 | |
| 215 | @a158页@d19cm | |
| 606 | 0 | @a图书馆学 |
| 606 | 0 | @a图书馆事业 |
| 690 | @aG251.6@v3 | |
| 701 | 0 | @a彭斐章@Apeng fei zhang@4编写 |
| 801 | 0 | @aCN@bPFT@c20060911 |
| 905 | @dG251.6@e12 | |
| 图书情报知识.1982年第1期增刊/彭斐章等编写.-武汉:武汉大学图书馆学系,1982 |
| 158页;19cm |
| ISBN : |
| ● |
| 相关链接 |
|
|
|
|
正题名:图书情报知识
索取号:G251.6/12
 
预约/预借
| 序号 | 登录号 | 条形码 | 馆藏地/架位号 | 状态 | 备注 |
| 1 | 0424773 | 204247733 | 密集书库/ [索取号:G251.6/12] | 在馆 | |
| 2 | 0472059 | 204720597 | 密集书库/ [索取号:G251.6/12] | 在馆 |